| 000 | 00475pab a2200169 454500 | ||
|---|---|---|---|
| 008 | 180718b2011 xxu||||| |||| 00| 0 eng d | ||
| 100 | _aLevin, Eric | ||
| 245 | _aA disequilibrium model of the market for houses: Implicit selling time as a signal of optimal holding periods and buyer valuation | ||
| 260 | _c2011 | ||
| 300 | _ap.2249-2263. | ||
| 362 | _aAug | ||
| 650 | _aHousing | ||
| 700 | _aPryce, Gwilym | ||
| 773 | _aUrban Studies | ||
| 908 | _aN | ||
| 909 | _a94425 | ||
| 999 |
_c94425 _d94425 |
||